000 02977cam a2200649 i 4500
001 1090677283
003 OCoLC
005 20250203141714.0
008 190326r20192000nyua b 000 1 spa
010 _a2018017158
020 _a9781984830067
_q(hardback)
020 _a1984830066
_q(hardback)
020 _a9781984830074
_q(library binding)
020 _a1984830074
_q(library binding)
035 _a(OCoLC)1090677283
040 _aDLC
_beng
_erda
_cFBR
_dFBR
_dOCLCO
_dUAP
_dPOR
_dOCLCO
_dJCW
_dOCLCO
_dOCLCF
_dWTX
_dNYP
_dSO$
_dUAH
_dCHILD
_dANK
_dOCL
_dOCLCO
_dRS$
_dOCLCQ
_dHNQ
_dOCLCO
_dOCL
_dORX
_dJTH
041 1 _aspa
_heng
050 1 0 _aPZ74.3
_b.S93 2019
082 0 0 _a[E]
_223
092 _aspanish children picture book
_bDr. Seuss
100 1 _aSeuss,
_cDr.,
_eauthor,
_eillustrator.
240 1 0 _aHow the Grinch stole Christmas.
_lSpanish
245 1 0 _a¡Cómo el Grinch robó la Navidad! /
_cDr. Seuss ; traducción de Yanitzia Canetti.
250 _aSpanish-language edition, First Random House Children's books edition.
264 1 _aNew York :
_bRandom House,
_c[2019]
264 4 _c©2000.
300 _a1 volume (unpaged) :
_bcolor illustrations ;
_c29 cm.
336 _atext
336 _astill image
337 _aunmediated
338 _avolume
490 0 _a[Classic Seuss]
500 _aSeries statement and publication date from publisher web page.
500 _a"This Spanish-language edition was originally published in the United States by Lectorum Publications, New York, in 2000."
520 _a¡Una edición en español y en rima del clásico de la Navidad por excelencia de Dr. Seuss, con la presentación especial del Grinch, Max, Cindy-Lu Quién y todos los residentes de Villa-Quién!
520 _aThe Grinch tries to stop Christmas from arriving by stealing all the presents and food from the village, but much to his surprise it comes anyway.
520 _aEl Grinch intenta evitar que llegue la Navidad robando todos los regalos y la comida del pueblo, pero, para su sorpresa, llega de todos modos.
600 0 0 _aGrinch
_c(Fictitious character)
_vJuvenile fiction.
_96497278
650 1 _aChristmas
_vFiction.
_95675145
650 1 _aGenerosity
_vFiction.
_95674129
650 1 _aSpanish language materials.
655 7 _aChristmas fiction.
_2lcgft
_95733050
655 7 _aChristmas fiction.
_2fast
_95733050
655 1 _aSpanish language materials.
655 7 _apicture books.
_2aat.
655 7 _aChristmas stories.
_2fast
655 7 _aFiction.
_2fast
_95673940
655 7 _aJuvenile works.
_2fast
_95673941
655 7 _aPicture books.
_2fast
655 7 _aStories in rhyme.
_2fast
655 7 _aPicture books.
_2lcgft
655 7 _aStories in rhyme.
_2lcgft
655 7 _aLivres d'images.
_2rvmgf.
_96445455
655 7 _aHistoires rimées.
_2rvmgf.
_96450377
700 1 _aCanetti, Yanitzia,
_d1967-
_etranslator.
_942771
942 _2ddc
_cBOOK
999 _c404123
_d404123